000 00228 a2200097 4500
001 34129
100 _aBose
245 _aLibrary information procedure
260 _aND
_bAnmol Publications Pvt Ltd
_c2001
090 _c22594
_d22594
942 _aNUST-CAE
_cM
_c13996
999 _c269202
_d269202